Installment buying /

محفوظ في:
التفاصيل البيبلوغرافية
المؤلف الرئيسي: Muller, Helen Marie, 1905-
التنسيق: كتاب
اللغة:English
منشور في: New York : The H.W. Wilson Company, 1928.
سلاسل:The reference shelf ; V, no. 8.
الموضوعات:
LEADER 00925cam a2200253 a 4500
001 c000311943
003 CARM
005 00000000000000.0
008 820325s1928 us 000 0 eng
010 |a 28026709 
019 1 |a 26189432  |z 13436405  |5 LACONCORD2021 
035 |a (OCoLC)8274553  |5 LACONCORD2021 
040 |a DLC  |b eng  |c KyMurT  |d FJ  |d NcRS  |d OCoLC  |d DLC  |d NSL 
050 0 0 |a HF5568  |b .M8 
100 1 |a Muller, Helen Marie,  |d 1905- 
245 1 0 |a Installment buying /  |c compiled by Helen M. Muller. 
260 |a New York :  |b The H.W. Wilson Company,  |c 1928. 
300 |a 120 p. ;  |c 20 cm. 
490 0 |a The reference shelf ;  |v V, no. 8. 
650 0 |a Installment plan. 
852 8 |b CARM  |h A3:AD18A0  |i A05497  |p 0475435  |f BK 
082 0 4 |a 332.709 
999 f f |i e1a48dca-088f-554c-9c11-ce68f8e8b586  |s d94720b0-8b11-5fbc-8f5e-3cea8ae550a8 
952 f f |p Can circulate  |a CAVAL  |b CAVAL  |c CAVAL  |d CARM 1 Store  |e A05497  |f A3:AD18A0  |h Other scheme  |i book  |m 0475435